000 01078nam a22002897i 4500
005 20200729151903.0
008 200729s2018 ii a|||a |||| 00| 1 tam d
020 _a9788123435602
_cRM19.60
_qpaperback
040 _aPPAK
_beng
_cPPAK
_erda
082 0 4 _223
_a894.8113
090 0 0 _a894.8113
_bAMA
_dK
245 0 0 _6 880-01
_aĀmaiyum atan̲ naṇparkaḷum =
_bThe tortoise and its friends
246 3 3 _aAamaiyum athan nabarkalum
264 1 _aChennai, India :
_bNestling Books Publishing and Distributors (P),
_c2018
300 _a16 pages :
_bcolor illustrations ;
_c30 cm
336 _2rdacontent
_atext
337 _2rdamedia
_aunmediated
338 _2rdacarrier
_avolume
490 1 _aNītik kataikaḷin̲ varicai
520 _a"The story of the tortoise who helps the mocking rabbits and monkeys."
650 1 0 _aChildren's stories, Tamil
650 2 0 _aAnimals
_vFolklore
650 2 0 _aTamil fiction
830 0 _aNītik kataikaḷin̲ varicai
880 1 0 _6245-01/$1
_aஆமையும் அதன் நண்பர்களும்
942 _2ddc
_cB
999 _c178411
_d178411